| 000 | 00567nam a22001097a 4500 | ||
|---|---|---|---|
| 008 | 171113b xxu||||| |||| 00| 0 eng d | ||
| 100 | _aArmstrong, Douglas | ||
| 245 | _aWar stamps of the allies, 1914-1920 : an historical record | ||
| 260 |
_aLondon _bD. Field _c192? |
||
| 650 | _aWorld War I, 1914-1918 | Post World War I | Occupation Issues | Military and War Issues | Overprints and Surcharges | Provisionals and Forerunners | Production | Errors and Varieties | Stamps -- Histories | Allied Forces | Investment and Speculation | Collecting | ||
| 700 | _aGreenwood, Chas. | ||
| 999 |
_c2551 _d2551 |
||